[Event "Challenge"]
[Site "http://www.queenalice.com/game.php?id=373735"]
[Date "2008.3.19"]
[Round "-"]
[White "Rhastili_Rhalasti"]
[Black "Atlantic_Starr"]
[Result "0-1"]
[WhiteElo "1432"]
[BlackElo "1386"]

1. e4 e5 2. Bc4 c6 3. Qf3 f6 4. Qb3 Ne7 5. Nf3 d5 6. Bb5 cxb5 7. exd5 Qxd5 8.
Nc3 Qc6 9. O-O Be6 10. Qxb5 Qxb5 11. Nxb5 Bc4 12. d3 Bxb5 13. c4 Bc6 14. b4 a5
15. b5 Bd7 16. Bb2 Bf5 17. d4 exd4 18. Nxd4 Bd3 19. Rfe1 Bxc4 20. Re4 Bd5 21.
Re3 g6 0-1

[Event "Challenge"]
[Site "http://www.queenalice.com/game.php?id=378443"]
[Date "2008.3.28"]
[Round "-"]
[White "Rhastili_Rhalasti"]
[Black "RAFAELI"]
[Result "0-1"]
[WhiteElo "1449"]
[BlackElo "1716"]

1. e4 e5 2. Nf3 Nc6 3. Bc4 Nh6 4. d3 Bb4+ 5. c3 Bc5 6. Bxh6 gxh6 7. d4 exd4 8.
cxd4 Bb4+ 9. Nc3 a6 10. d5 Ne7 11. a3 Bc5 12. b4 Bb6 13. O-O Rg8 14. Qb1 d6 0-1

[Event "AUTO-INT-926"]
[Site "http://www.queenalice.com/game.php?id=414717"]
[Date "2008.6.7"]
[Round "1"]
[White "Rhastili_Rhalasti"]
[Black "Wilson"]
[Result "0-1"]
[WhiteElo "1363"]
[BlackElo "1542"]

1. e4 e5 2. Nf3 Nc6 3. Bc4 Nf6 4. Ng5 d5 5. exd5 Na5 6. d3 Bc5 7. d6 Bxf2+ 8.
Kxf2 Ng4+ 9. Kg3 O-O 10. dxc7 Qxc7 11. h3 Nf6 12. d4 exd4+ 13. Kf2 Nxc4 14. Qd3
Qc5 15. Rf1 Bf5 16. Qf3 Bxc2 17. h4 d3+ 18. Be3 Nxe3 19. Re1 Nd1+ 20. Kf1 Nxb2
21. Nd2 h6 22. Nge4 Qb6 23. g4 Rae8 24. a4 a5 25. Ra3 Qb4 26. Rc3 Qxa4 27. Nxf6+
gxf6 28. Qxf6 Qxg4 29. Qxh6 Qf5+ 30. Kg2 Rxe1 31. Nf3 Qg4+ 32. Kf2 Re2+ 0-1

[Event "AUTO-INT-926"]
[Site "http://www.queenalice.com/game.php?id=414718"]
[Date "2008.6.7"]
[Round "1"]
[White "Wilson"]
[Black "Rhastili_Rhalasti"]
[Result "1-0"]
[WhiteElo "1551"]
[BlackElo "1350"]

1. e4 e5 2. Nf3 Nc6 3. Bc4 h6 4. Nc3 Bc5 5. O-O Nf6 6. d3 Ng4 7. h3 Nxf2 8. Rxf2
Bxf2+ 9. Kxf2 O-O 10. Be3 d6 11. a3 a6 12. Nd5 b5 13. Bb3 Be6 14. c4 Nd4 15.
Bxd4 c6 16. Nc3 f5 17. Kg1 g5 18. cxb5 Bxb3 19. Qxb3+ Kg7 20. Nxe5 dxe5 21.
Bxe5+ Kg6 22. Qe6+ Kh7 23. bxc6 Qxd3 24. Qe7+ Kg6 25. Qg7+ Kh5 26. g4+ fxg4 27.
hxg4+ Kxg4 28. Qd7+ Qxd7 29. cxd7 Rf7 30. Rd1 Rd8 31. Rd6 Rb8 32. Rd3 Rxb2 33.
d8=Q Rff2 34. Qd7+ Kh5 35. Rh3+ Kg6 36. Qg7# 1-0

[Event "AUTO-INT-926"]
[Site "http://www.queenalice.com/game.php?id=414719"]
[Date "2008.6.7"]
[Round "1"]
[White "Rhastili_Rhalasti"]
[Black "ronmos14"]
[Result "0-1"]
[WhiteElo "1360"]
[BlackElo "1589"]

1. e4 b6 2. Nf3 Bb7 3. Bc4 Bxe4 4. Ne5 Nh6 5. d3 Bxg2 6. Bxh6 e6 7. Rg1 Qh4 8.
Rxg2 Qxh6 9. Ng4 Qh4 10. h3 Bc5 11. Qf3 Nc6 12. Nc3 f5 13. Ne3 g6 14. O-O-O O-O
15. Qg3 Bxe3+ 16. Qxe3 Rae8 17. d4 f4 0-1

[Event "AUTO-INT-926"]
[Site "http://www.queenalice.com/game.php?id=414720"]
[Date "2008.6.7"]
[Round "1"]
[White "ronmos14"]
[Black "Rhastili_Rhalasti"]
[Result "1-0"]
[WhiteElo "1618"]
[BlackElo "1347"]

1. Nf3 d5 2. d4 Nc6 3. Nc3 e6 4. Bf4 Bb4 5. Ne5 Qe7 6. g3 Bxc3+ 7. bxc3 Nxe5 8.
Bxe5 f6 9. e3 fxe5 10. dxe5 Bd7 11. Rb1 b6 12. Bg2 O-O-O 13. O-O Qg5 14. f4 Qe7
15. Qf3 Nh6 16. e4 Bb5 17. Rxb5 dxe4 18. Qxe4 Ng4 19. Qa8+ Kd7 20. Bc6# 1-0

[Event "Challenge"]
[Site "http://www.queenalice.com/game.php?id=476107"]
[Date "2008.10.11"]
[Round "-"]
[White "Rhastili_Rhalasti"]
[Black "igothedistance"]
[Result "1-0"]
[WhiteElo "1339"]
[BlackElo "1312"]

1. e4 c5 2. Nf3 Nc6 3. Bc4 d6 4. Ng5 Ne5 5. d4 Nxc4 6. Qf3 f6 7. Nh3 e5 8. dxe5
Nxe5 9. Qb3 b6 10. O-O c4 11. Qg3 Ne7 12. b3 N7c6 13. Nc3 Nd4 14. f4 Ng4 15. f5
Be7 16. Qxg4 1-0

[Event "Challenge"]
[Site "http://www.queenalice.com/game.php?id=493930"]
[Date "2008.11.15"]
[Round "-"]
[White "Robersonsa"]
[Black "Rhastili_Rhalasti"]
[Result "0-1"]
[WhiteElo "1423"]
[BlackElo "1358"]

1. e4 e5 2. Nf3 Nc6 3. c4 Bc5 4. d3 Nf6 5. Bg5 d6 6. Nc3 Bg4 7. h4 Bxf3 8. gxf3
O-O 9. h5 Nb4 10. h6 g6 11. Bh4 c6 12. a3 Na6 13. Qb3 d5 14. exd5 Nc7 15. Ne4
Be7 16. Qxb7 cxd5 17. cxd5 Ncxd5 18. Rc1 Rb8 19. Qxa7 Nf4 20. Rc3 Rxb2 21. Rc7
Nxd3+ 22. Bxd3 Qxd3 23. Nd2 Rxd2 24. Qa6 Rd1# 0-1

[Event "AUTO-INT-1130"]
[Site "http://www.queenalice.com/game.php?id=505619"]
[Date "2008.12.10"]
[Round "1"]
[White "QuinhoFogo"]
[Black "Rhastili_Rhalasti"]
[Result "0-1"]
[WhiteElo "1495"]
[BlackElo "1456"]

1. e4 e5 2. Nf3 Nc6 3. d3 Bc5 4. Bg5 f6 5. Bh4 Nge7 6. Nc3 d6 7. a3 Bg4 8. Be2
Qd7 9. Nb5 Nd4 10. Nbxd4 exd4 11. O-O Bxf3 12. Bxf3 g5 13. Bg3 O-O-O 14. b4 Bb6
15. c4 f5 16. a4 a5 17. bxa5 Bxa5 18. Qb1 g4 19. Be2 Rhf8 20. Qb5 b6 21. Qa6+
Kb8 22. Rfb1 Qc6 23. f4 Qa8 24. Qxa8+ Kxa8 25. exf5 Nxf5 26. Bxg4 Bc3 27. Ra3
Ne3 28. a5 Nxg4 29. axb6+ Kb8 30. bxc7+ Kxc7 31. h3 Ne3 32. Be1 Rxf4 33. Ra7+
Kc8 34. Ra8+ Kd7 35. Ra7+ Ke6 36. Rxh7 Rg8 37. Rh6+ Kd7 38. Rb7+ Kc6 39. Re7
Rf1+ 40. Kh2 Rxg2# 0-1

[Event "AUTO-INT-1130"]
[Site "http://www.queenalice.com/game.php?id=505620"]
[Date "2008.12.10"]
[Round "1"]
[White "Rhastili_Rhalasti"]
[Black "QuinhoFogo"]
[Result "0-1"]
[WhiteElo "1382"]
[BlackElo "1625"]

1. e4 e5 2. Nf3 Nc6 3. Bc4 h6 4. d3 Bb4+ 5. Bd2 Nf6 6. O-O Bc5 7. Nc3 d6 8. a3
Bg4 9. b4 Nd4 10. Nb5 O-O 11. h3 Bxf3 12. gxf3 Qd7 13. Be3 a6 14. Nc3 Qxh3 15.
Bxd4 Bxd4 16. Qd2 Bxc3 17. Qxc3 b5 18. f4 Ng4 19. d4 Qh2# 0-1

[Event "AUTO-INT-1130"]
[Site "http://www.queenalice.com/game.php?id=505631"]
[Date "2008.12.10"]
[Round "1"]
[White "mrmelo"]
[Black "Rhastili_Rhalasti"]
[Result "1-0"]
[WhiteElo "1603"]
[BlackElo "1374"]

1. e4 e5 2. Nf3 Nc6 3. Nc3 Bc5 4. Bc4 d6 5. b3 Bg4 6. O-O Nf6 7. Bb2 Qd7 8. Nd5
Nxe4 9. d4 exd4 10. Re1 f5 11. Qc1 Bxf3 12. gxf3 O-O-O 13. fxe4 fxe4 14. Rxe4
Rhf8 15. Qd2 Qh3 16. Rf4 Rf5 17. Rxf5 Qxf5 18. b4 Nxb4 19. Ne7+ 1-0

[Event "AUTO-INT-1130"]
[Site "http://www.queenalice.com/game.php?id=505632"]
[Date "2008.12.10"]
[Round "1"]
[White "Rhastili_Rhalasti"]
[Black "mrmelo"]
[Result "1-0"]
[WhiteElo "1385"]
[BlackElo "1566"]

1. e4 e5 2. Nf3 Nc6 3. Bc4 Nf6 4. d4 exd4 5. Nxd4 Nxe4 6. Qf3 Nf6 7. O-O Bc5 8.
c3 O-O 9. Qg3 d6 10. Bg5 Nh5 11. Qh4 Qd7 12. Qxh5 h6 13. Bxh6 gxh6 14. Qxh6 Re8
15. Bd3 Qe7 16. Nf5 Bxf5 17. Bxf5 f6 18. Nd2 Qe5 19. Qh7+ Kf8 20. Rae1 Qd5 21.
Re4 Qg8 22. Rfe1 Qxh7 23. Bxh7 Re5 24. b4 Bb6 25. Rg4 Rxe1+ 26. Nf1 Ne5 27. Rg8+
Kf7 28. Rxa8 1-0

[Event "AUTO-INT-1130"]
[Site "http://www.queenalice.com/game.php?id=505637"]
[Date "2008.12.10"]
[Round "1"]
[White "RicardoSilva"]
[Black "Rhastili_Rhalasti"]
[Result "0-1"]
[WhiteElo "1624"]
[BlackElo "1410"]

1. e4 e5 2. Qh5 d6 3. Bc4 g6 4. Qf3 Be6 5. Bxe6 fxe6 6. d4 exd4 7. c3 Qf6 8.
Qxf6 Nxf6 9. cxd4 Nc6 10. d5 exd5 11. exd5 Nd4 12. Na3 Nxd5 13. Ne2 Nxe2 14.
Kxe2 O-O-O 15. Bg5 Be7 16. Rad1 c6 17. f4 Rde8 18. Nc4 Bxg5+ 19. Kf1 Ne3+ 20.
Nxe3 Rxe3 21. fxg5 h5 22. Kf2 Rhe8 23. Rxd6 Re2+ 24. Kg3 h4+ 25. Kf3 R8e3+ 26.
Kg4 Rxb2 27. Rxg6 Re4+ 28. Kf3 Rc4 29. Rg8+ Kc7 30. Rf8 Rxa2 31. g6 Ra3+ 32. Ke2
Rc2+ 33. Kd1 Rb2 34. g7 Ra1# 0-1